000 00518nam a2200193 a 4500
001 1766566527388
003 YourLibrary
005 20251226115019.0
008 251224s2006##################000#0#eng##
020 _a9783631551219
082 0 4 _a261.243
_bALD
100 1 _aAldén, Ann,
_eauthor.
245 1 0 _aReligion in Dialogue with Late Modern Society :
260 _bPeter Lang Publishing,
_c2006.
300 _a200 pages
650 0 _aReligion.
942 _cENGLISH
040 _aYourLibrary
_beng
_cYourLibrary
999 _c604648
_d604648